|
|
|
|
| LEADER |
00000nam0a2200000 4500 |
| 001 |
265668 |
| 005 |
20231101233936.0 |
| 035 |
|
|
|a (RuTPU)RU\TPU\book\288670
|
| 090 |
|
|
|a 265668
|
| 100 |
|
|
|a 20140627d1972 k y0rusy50 ca
|
| 101 |
0 |
|
|a rus
|
| 102 |
|
|
|a RU
|
| 105 |
|
|
|a a z 001zy
|
| 200 |
1 |
|
|a Введение в статистическое металловедение
|f И. Н. Богачев, А. А. Вайнштейн, С. Д. Волков
|
| 210 |
|
|
|a Москва
|c Металлургия
|d 1972
|
| 215 |
|
|
|a 216 с.
|c ил.
|
| 320 |
|
|
|a Библиогр.: с.211-216(152 назв.).
|
| 606 |
1 |
|
|a Металловедение
|x Математические методы
|x Статистические методы изучения
|2 stltpush
|3 (RuTPU)RU\TPU\subj\42404
|9 62071
|
| 610 |
1 |
|
|a статистическое металловедение
|
| 610 |
1 |
|
|a металлы
|
| 610 |
1 |
|
|a строение
|
| 610 |
1 |
|
|a моделирование
|
| 610 |
1 |
|
|a структурные напряжения
|
| 610 |
1 |
|
|a пластическая деформация
|
| 610 |
1 |
|
|a нестабильные состояния
|
| 610 |
1 |
|
|a свойства
|
| 675 |
|
|
|a 669.017
|v 3
|
| 700 |
|
1 |
|a Богачев
|b И. Н.
|g Иван Николаевич
|
| 701 |
|
1 |
|a Вайнштейн
|b А. А.
|g Александр Абрамович
|
| 701 |
|
1 |
|a Волков
|b С. Д.
|g Сергей Дмитриевич
|
| 801 |
|
1 |
|a RU
|b 63413507
|c 20140627
|
| 801 |
|
2 |
|a RU
|b 63413507
|c 20220512
|g RCR
|
| 942 |
|
|
|c BK
|